000 00221 a2200097 4500
001 7076
100 _aShahane
245 _aSolution of problems in theory of machines
260 _a
_bAllies poone
_c
090 _c5846
_d5846
942 _aNUST-CAE
_cM
_c32318
999 _c242149
_d242149